Preparación y evaluación de proyectos (Registro nro. 3757)
[ vista simple ]
| 000 -CABECERA | |
|---|---|
| Longitud fija campo de control | 00726nam a2200229 a 4500 |
| 001 - NÚMERO DE CONTROL | |
| Número de control | 3318360 |
| 003 - IDENTIFICADOR DELl NÚMERO DE CONTROL | |
| Identificador del número de control | OSt |
| 005 - FECHA Y HORA DE LA ÚLTIMA TRANSACCIÓN | |
| Fecha y hora de la última transacción | 20131106171357.0 |
| 008 - CÓDIGOS DE INFORMACIÓN DE LONGITUD FIJA | |
| Códigos de información de longitud fija | 840215s2008 cl a b f001 0 spa |
| 020 ## - NÚMERO INTERNACIONAL NORMALIZADO PARA LIBROS | |
| Número Internacional Normalizado para Libros (ISBN) | 956-278-206-9 |
| 040 ## - FUENTE DE LA CATALOGACIÓN | |
| Centro catalogador de origen | DLC |
| Centro transcriptor | BMC |
| 082 ## - NÚMERO DE LA CLASIFICACIÓN DECIMAL DEWEY | |
| Númeroo de clasificación | 658.152 |
| 100 1# - PUNTO DE ACCESO PRINCIPAL-NOMBRE DE PERSONA | |
| Nombre de persona | Sapag Chain, Nassir |
| 9 (RLIN) | 8561 |
| 245 10 - MENCIÓN DE TÍTULO | |
| Título | Preparación y evaluación de proyectos |
| Mención de responsabilidad, etc. | Nassir Sapag Chain, Reinaldo Sapag Chain ; revisión técnica, Álvaro Alfonso Moreno Suárez |
| 250 ## - MENCIÓN DE EDICIÓN | |
| Mención de edición | 5ª ed |
| 260 ## - PUBLICACIÓN, DISTRIBUCIÓN, ETC. (PIE DE IMPRENTA) | |
| Lugar de publicación, distribución, etc. | Bogotá [etc.] |
| Nombre del editor, distribuidor, etc. | McGraw-Hill |
| Fecha de publicación, distribución, etc. | 2008 |
| 300 ## - DESCRIPCIÓN FÍSICA | |
| Extensión | XIV, 445 p. |
| Otras características físicas | il. |
| Dimensiones | 23 cm |
| 650 24 - PUNTO DE ACCESO ADICIONAL DE MATERIA - TÉRMINO DE MATERIA | |
| Término de materia o nombre geográfico como elemento inicial | Evaluación de proyectos |
| 9 (RLIN) | 6014 |
| 700 10 - PUNTO DE ACCESO ADICIONAL - NOMBRE DE PERSONA | |
| Nombre de persona | Sapag Chain, Reinaldo |
| 9 (RLIN) | 8562 |
| 700 10 - PUNTO DE ACCESO ADICIONAL - NOMBRE DE PERSONA | |
| Nombre de persona | Moreno Suárez, Álvaro Alfonso |
| 9 (RLIN) | 8563 |
| 942 ## - ENTRADA DE ELEMENTOS AGREGADOS (KOHA) | |
| Fuente de clasificaión o esquema | Dewey Decimal Classification |
| Koha [por defecto] tipo de item | 1- Monografias |
| Suprimido | Perdido | Fuente de clasificación o esquema | Estropeado | Restricciones de uso | No para préstamo | Código de colección | Localización permanente | Localización actual | Localización en estanter&íacute;as | Fecha adquisición | Fuente de adquisición | Número de inventario | Préstamos totales | Signatura completa | Código de barras | Fecha última consulta | Coste, precio reemplazado | Fecha del precio de reemplazo | Tipo de item de Koha | Renovaciones totales | Fecha último préstamo |
|---|---|---|---|---|---|---|---|---|---|---|---|---|---|---|---|---|---|---|---|---|---|
| NULL | NULL | Dewey Decimal Classification | NULL | Prestable | NULL | NULL | Biblioteca Miguel de Cervantes - UNICAES | Biblioteca Miguel de Cervantes - UNICAES | Sala Principal | 10/10/2011 | Donación - Facultad de Ingenieria y Arquitectura | 006276 | 658.152 SAP pre | 1006276 | 05/11/2013 | 34.00 | 05/11/2013 | 1- Monografias | |||
| NULL | NULL | Dewey Decimal Classification | NULL | Prestable | NULL | NULL | Biblioteca Miguel de Cervantes - UNICAES | Biblioteca Miguel de Cervantes - UNICAES | Sala Principal | 10/10/2011 | Donación - Facultad de Ingenieria y Arquitectura | 006277 | 3 | 658.152 SAP pre | 1006277 | 05/05/2016 | 34.00 | 05/11/2013 | 1- Monografias | 1 | 04/05/2016 |
| NULL | NULL | Dewey Decimal Classification | NULL | Prestable | NULL | NULL | Biblioteca Miguel de Cervantes - UNICAES | Biblioteca Miguel de Cervantes - UNICAES | Sala Principal | 10/10/2011 | Donación - Facultad de Ingenieria y Arquitectura | 006278 | 7 | 658.152 SAP pre | 1006278 | 10/10/2019 | 34.00 | 05/11/2013 | 1- Monografias | 2 | 09/10/2019 |